African Countries By Phonetic Name Quiz Stats

 Plays Quiz Updated Jul 2, 2018

Also try: IPA pronunciation
Challenge
Share
Tweet
Embed
Score 0/54 Timer 06:00
0 Plays Today
Phonetic Spelling Country % Correct
buˈrundiBurundi
97.1%
mædəgæskərMadagascar
95.2%
ˈkɛnjə / ˈkiːnjəKenya
94.6%
məˈlɑːwiMalawi
94%
mozæmbikMozambique
93.6%
æŋgoləAngola
93.5%
ˈzæmbiəZambia
93.4%
sɛntrəl æfrɪkən ripəbləkCentral African Republic
93.4%
ˌtænzəˈniːəTanzania
93.3%
soʊˈmɑːliəSomalia
93.2%
ruːˈɑːndəRwanda
92.8%
suːˈdænSudan
92.4%
dɛməkrætɪk ripəblək əv ðə kɑŋgoDemocratic Republic Of The Congo
92.3%
ripəblək əv ðə kɑŋgoRepublic Of The Congo
92.2%
ɡəˈbɒnGabon
92.1%
zɪmˈbɑːbweɪZimbabwe
91.9%
kæmərunCameroon
91.9%
batswɑnəBotswana
91.8%
dʒɪbutiDjibouti
91.6%
saʊθ ˈæfrɪkəSouth Africa
91.6%
ɛˈswɑːtinieSwatini
91%
nəmɪbiə Namibia
90.6%
ˌɛrɨˈtreɪ.ə / ˌɛrɨˈtriːəEritrea
90.1%
tuːˈniːʒə / tjuːˈnɪziəTunisia
89.7%
ˈmɑːliMali
89.4%
ˈiːdʒɪptEgypt
89.2%
lɪbiə Libya
88.2%
Phonetic Spelling Country % Correct
ˌiːθiˈoʊpiəEthiopia
87.7%
ˈɡɑːnəGhana
87.4%
bɨˈniːnBenin
87%
juːˈɡændə / juːˈɡɑːndəUganda
86.8%
laɪˈbɪəriəLiberia
86.7%
ikwətɔriəl ˈɡɪniEquatorial Guinea
86.5%
bərˌkiːnə ˈfɑːsoʊBurkina Faso
86.4%
ˈnaɪdʒər / niːˈʒɛərNiger
86.1%
θi ˈɡæmbiəThe Gambia
86.1%
ˌsɛnɨˈɡɔːlSenegal
86.1%
ælˈdʒɪəriəAlgeria
86.1%
ˈɡɪniGuinea
85.1%
naɪˈdʒɪəriəNigeria
84.7%
məˈrɑkoʊMorocco
84.6%
saʊθ suːˈdænSouth Sudan
84.4%
ˌkoʊt dɪˈvwɑr OR ˌaɪvəri ˈkoʊstCôte d'Ivoire
84.4%
ˈtoʊɡoʊTogo
83.8%
siːˌɛrə liːˈoʊnSierra Leone
82.2%
ˈɡɪni bɪˈsaʊGuinea-Bissau
80.9%
mɔrɪˈteɪniəMauritania
80.5%
lɨˈsuːtuːLesotho
80.3%
ˌsaʊ toʊˈmeɪ ən ˈprɪnsɨpə / ˌsaʊ tɒˈmeɪ ənd ˈprɪnsɨpeɪSão Tomé and Príncipe
78.9%
ˈtʃædChad
75.9%
ˈkabu ˈvɜrdCabo Verde
73.2%
ˈkɒməroʊzComoros
71.4%
seɪˈʃɛlzSeychelles
70.6%
məˈrɪʃəsMauritius
67.1%

You're not logged in!

Compare scores with friends on all Sporcle quizzes.
Join for Free
OR
Log In

You Might Also Like...

Show Comments

Extras

Top Quizzes Today


Score Distribution

Your Account Isn't Verified!

In order to create a playlist on Sporcle, you need to verify the email address you used during registration. Go to your Sporcle Settings to finish the process.

Report this User

Report this user for behavior that violates our Community Guidelines.

Details: